| 000 | 01048nam a2200205 i 4500 | ||
|---|---|---|---|
| 001 | 163035 | ||
| 003 | ES-MaACL | ||
| 005 | 20230906212645.0 | ||
| 008 | 931025s1846 sp |||| | spa d | ||
| 100 | 1 |
_aCasimiro de Govantes, Ángel. _9127506 |
|
| 245 | 1 | 0 |
_aDiccionario geográfico-histórico de España, por la Real Academia de la Historia. _nSección II, _pcomprende La Rioja o Toda la provincia de Logroño y algunos pueblos de la de Burgos / _csu autor, el individuo del número Don Ángel Casimiro de Govantes. |
| 260 |
_aMadrid : _bReal Academia de la Historia, _c1846 ( _fImprenta de los Sres. Viuda de Jordán e Hijos) |
||
| 300 |
_a348 p. ; _c26 cm. |
||
| 530 | _aDisponible en formato digital. | ||
| 651 | 4 |
_aLa Rioja (Comunidad Autónoma)- _xDescripción. _9151219 |
|
| 651 | 4 |
_aLa Rioja (Comunidad Autónoma)- _xHistoria. _98904 |
|
| 710 | 2 |
_aReal Academia de la Historia (España) _96309 |
|
| 852 |
_aES-MaACL _jG-6020 _z-- Enc. hol. |
||
| 856 |
_uhttp://bdh-rd.bne.es/viewer.vm?id=0000043538&page=1 _zBiblioteca Digital Hispánica |
||
| 999 |
_c163035 _d163035 |
||